000 00617nam a2200145 a 4500
008 120416s1977 ||||||||||||||||| || u
050 _aHD 2035.Z2 Die
100 _aScheffer, H. R
245 1 0 _aLocal effects of two large-scale industrial projects in the Kafue-Mazabuka area in Zambia
246 _athe Kafue Estate and Nakambala Sugar Estate, final report
260 _aNijmegen
_bGeografisch en Planologisch Instituut Ka
_c1977
350 _a0.00
700 _aDietz, T
995 _D0.00
_FCBU-MAIN LIBRARY (Kitwe)
_H1
_I0.00
_M1
_UAVAILABLE
_ZZambiana Collection
999 _c49432
_d49432